| 000 | 00000nas##2200000za#4500 |
|---|---|
| 001 | 9.509659 |
| 003 | CaOODSP |
| 005 | 20210615082529 |
| 007 | ta |
| 008 | 150406c1991||||xxc|| p #||||f| |0fre|d |
| 040 | |aCaOODSP|bfre |
| 041 | |aeng |
| 041 | |afre |
| 043 | |an-cn--- |
| 086 | 1 |aSP2-4 |
| 110 | 1 |aCanada. |bImprimeur de la Reine. |
| 245 | 10|aGazette du Canada. Partie II, Édition spéciale |
| 260 | |aOttawa - Ontario : |bImprimeur de la Reine |
| 310 | |aIrrégulier |
| 691 | 07|aRéglementation|2gcpds |
| 791 | |tCanada gazette. Part II, Extra |eeng|w(CaOODSP)9.509658 |